000 00508nam a22001577a 4500
005 20260228114635.0
008 260226b |||||||| |||| 00| 0 eng d
041 _aeng
082 _a520.954-CHA-S
100 _aRAY,P , GUPTA ,H.N AND ROY .M
_98863
245 _aSISAYADHIVRDDHIDA TANTRA OF LALLA with the Commentary of Mallikarjuna Suri –Part one, Critical edition and Commentary
260 _aNEW DELHI
_bINDIAN NATIONAL SCIENCE ACADEMY
_c1981
300 _a278;p
650 _aBGP
_98859
942 _cBK
999 _c9037
_d9035